LEADER 02046nam a2200301 4500 001 000000359400 003 CaOOAMICUS 005 20240819094502.0 008 240819s1768 fr a 000 u fre r 040 $aSeMil$bita 100 11$aRacine, Jean ,$d<1639-1699>.$0(OLS)http://semarc/name/8548 245 10$aOeuvres de Jean Racine, avec des commentaires, par M. Luneau de Boisjermain. Tome 1. [-7.]. 264 1$aA Paris :$bDe l'imprimerie de Louis Cellot,$c1768. 300 $a7 v. :$bill. ;$c8° 500 $aNei v. 6 e 7 il titolo cambia in: Oeuvres diverses de Jean Racine, enrichies de notes et de prefaces; e cambia anche il luogo di pubblicazione: A Londres, che è falso; vol. 6-7 probabilmente stampati a Parigi 500 $aCiascun vol. con carte calcogr. incise da: Le Mire, J. J. Flipart, J. F. Rousseau, L. Lempereur, A. J. Duclos, C. Le Vasseur, B. L. Prevost et D. Née 700 1 $aLuneau de Boisjermain, Pierre-Joseph-François,$d<1732-1801>.$0(OLS)http://semarc/name/120225 700 1 $aCellot, Louis,$c.$0(OLS)http://semarc/name/7426 774 0 $aRacine, Jean <1639-1699>$tTome 1.$dA Paris : De l'imprimerie de Louis Cellot, 1768.$w()359401 774 0 $aRacine, Jean <1639-1699>$tTome 2.$dA Paris : De l'imprimerie de Louis Cellot, 1768.$w()359402 774 0 $aRacine, Jean <1639-1699>$tTome 3.$dA Paris : De l'imprimerie de Louis Cellot, 1768.$w()359403 774 0 $aRacine, Jean <1639-1699>$tTome 4.$dA Paris : De l'imprimerie de Louis Cellot, 1768.$w()359404 774 0 $aRacine, Jean <1639-1699>$tTome 5.$dA Paris : De l'imprimerie de Louis Cellot, 1768.$w()359405 774 0 $aRacine, Jean <1639-1699>$tTome 6.$dA Londres, 1768.$w()359406 774 0 $aRacine, Jean <1639-1699>$tTome 7.$dA Londres, 1768.$w()359407 996 $6245$aOeuvres de Jean Racine, avec des commentaires, par M. Luneau de Boisjermain. Tome 1. [-7.]$9(OLS)http://semarc/title/449854 996 $6264$aA Paris :$bDe l'imprimerie de Louis Cellot$9(OLS)http://semarc/publisher/61900 LEADER 01218nam a2200265 i 4500 001 000000237226 003 CaOOAMICUS 005 20141219000000.0 008 141219s1951 it u000 u ita u 013 $a216131 040 $aSeMil$bita 100 1 $aLilley, Samuel.$0(OLS)http://semarc/name/80898 240 10$aMen, Machines and History.$0(OLS)http://semarc/title/338124 245 10$aStoria della tecnica /$cSam Lilley. 260 $aTorino :$bGiulio Einaudi,$ccopyr. 1951$e(Novara :$fTipografia La Stella Alpina,$gcopyr. 1951) 300 $a363 p. :$bill. ;$c17 cm. 490 0 $aPiccola biblioteca scientifico-letteraria ;$v37 500 $aContiene : Appendice ; Elenco cronologico delle invenzioni e loro classificazioni. 650 4$aScienze applicate.$0(OLS)http://semarc/subject/180 650 4$aTecnica - Storia.$0(OLS)http://semarc/subject/27819 830 0$aPiccola biblioteca scientifico-letteraria ;$v37.$0(OLS)http://semarc/title/5040 850 $aSeMil 852 $aSeMil$W1$xVenegono$y1$m3N I 212$j187572$B187572$CSeMilBibl$Z2$F198487 $81 996 $6245$aStoria della tecnica$9(OLS)http://semarc/title/338123 996 $6260$aTorino :$bGiulio Einaudi$9(OLS)http://semarc/publisher/29810